000 00567nam a22002297a 4500
001 80365
003 UA-OsUOA
005 20211024221411.0
007 ta
008 20111207b un ||||| |||| 00| 0 ukr d
040 _aUA-OsUOA
_brus
_cUA-OsUOA
_dUA-OsUOA
041 _arus
080 _a94(470+571)
090 _a94(470+571)
_bА16
100 _aАбрамов А. С.
245 _aУ Кремлевской стены
260 _aМ.
_bПолитиздат
_c1987
300 _a384 с.
650 7 _a94 Історія
_2UDC
942 _cBK
_2udc
955 _a1
999 _c366638
_d366638